Loading...
| Fine Arts - Painting and Sculpture | 0 | 7 | 0 | 0 | 70 | 49 | 84.57 | 0 | 2 | 18.08 | 36.13 |
| Geography | 0 | 4 | 0 | 1 | 40 | 29 | 56.00 | 2 | 3 | 26.95 | 46.43 |
| Fine Arts - Classical Music | 0 | 1 | 0 | 0 | 10 | 130 | 130.00 | 0 | 0 | 0.00 | 1.01 |
| Mythology | 0 | 1 | 0 | 0 | 10 | 74 | 74.00 | 0 | 1 | 3.24 | 7.58 |
| Popular Culture | 0 | 1 | 0 | 0 | 10 | 93 | 93.00 | 0 | 0 | 3.09 | 3.33 |
| Religion | 0 | 1 | 0 | 1 | 10 | 114 | 114.00 | 0 | 0 | 0.00 | 0.76 |
| History - American | 0 | 2 | 2 | 0 | 10 | 45 | 45.00 | 0 | 2 | 10.60 | 14.39 |
| History - Other | 0 | 1 | 0 | 0 | 10 | 101 | 101.00 | 0 | 0 | 1.18 | 5.30 |
| Literature - World | 0 | 1 | 0 | 0 | 10 | 61 | 61.00 | 0 | 0 | 3.86 | 4.55 |
| Fine Arts - Other | 0 | 1 | 1 | 0 | 5 | 12 | 12.00 | 1 | 1 | 8.13 | 9.09 |
| Social Science | 0 | 0 | 0 | 0 | 0 | 0.00 | 0 | 0 | 0.00 | 0.00 | |
| History - European | 0 | 1 | 3 | 0 | -5 | 50 | 50.00 | 0 | 0 | 4.68 | 3.03 |